000 00613nam a22002297a 4500
003 UA-OsUOA
001 40292
007 ta
008 20060724b un ||||| |||| 00| 0 ukr d
100 _aЭртель А.И.
090 _a821.161.2
_bЭ82
942 _cBK
040 _aUA-OsUOA
_brus
_cUA-OsUOA
_dUA-OsUOA
245 _aВолхонская барышня
_bПовести
300 _a495 с.
955 _a3
041 _arus
080 _a821.161.2
260 _aК.
_bСовременник
_c1984
650 7 _a82 Література. Літературознавство
_2UDC
999 _c326433
_d326433